000 00400nam a2200169Ia 4500
003 GCL
008 140319s9999 xx 000 0 eng d
040 _aGCL /
_cGCL
082 0 4 _a895.61
_bE T
245 1 0 _aTOMOSHIBI: LIGHT
260 _a[S.N] :
_bWEATHERHILL ،
_c1991
300 _a192 P
650 0 4 _aLITERATURE
650 0 4 _aJAPAN - POETRY
650 0 4 _aJAPAN - LITERATURE
942 _2ddc
_cBK
999 _c10977
_d10977